| 000 | 01356nam a2200253Ia 4500 | ||
|---|---|---|---|
| 003 | Ost | ||
| 005 | 20260507075406.0 | ||
| 008 | 260507s9999||||xx |||||||||||||| ||und|| | ||
| 020 | _a4297316977 | ||
| 040 | _cfsecg | ||
| 041 | _aara | ||
| 082 | _a330 | ||
| 100 |
_aرضوان، سمير عبد الحميد _eمؤلف |
||
| 245 | 0 |
_aأوراق الأسواق المالية بين المضاربة والإستثمار وتجارة المشتقات وتحرير الأسواق : _bدراسة واقعية للأزمة المالية العالمية / _c سمير عبد الحميد رضوان |
|
| 260 |
_aالقاهرة: _bانار النشر للجامعات, _c2009 |
||
| 300 |
_a205 صفحة؛ _bإيضاحات ؛ _c24 سم |
||
| 504 | _aالمراجع ص.205 | ||
| 520 | _aسوق الأوراق المالية(المفاهيم- الوظائف-معايير الكفاءة)، طرق وأساليب تنفيذ العمليات في مختلف البورصات والقوانين الحاكمة للتعامل في بعض الأسواق، وجوه الخلاف بين المضاربة والإستثمار، الأزمة المالية العالمية | ||
| 653 | _aالأزمة المالية العالمية | ||
| 653 | _aالإستثمار | ||
| 653 | _aالأوراق المالية | ||
| 653 | _aالبورصات | ||
| 942 | _cكتاب | ||
| 999 |
_c44310 _d44310 |
||